00721 2200265 4500001002100000005001500021035002000036007000300056008004100059020001800100082000800118084001400126100001800140245010500158250002100263260003200284300003500316600002000351990001400371990001400385990001400399990001400413990001400427990001400441INLIS00000000001049220250917015909 a0010-0925000090ta250917 g 0 ind  a9786029473872 a369 a369 ROH m0 aRohmat Kurnia1 aMemahami Tanda & Sandi :bSemafor, Kode Morse, dan Aneka Permainannya dalam Pramuka /cRohmat Kurnia aCetakan Februari aJakarta :bBee Media,c2023 a72 hlm :bilus ;c14,8 x 21 cm 4aGerakan Pramuka a025.00879 a025.00878 a025.00877 a025.00876 a025.00875 a025.00874